Jaka waluta obowiązuje w danym państwie? - Statystyki

Ogólne statystyki
  • Ten quiz został rozwiązany 161 razy
  • Średni wynik to 11 z 30
Statystyki odpowiedzi
Państwo Waluta % Poprawnych
Algieria Dinar
100%
Bahrajn Dinar
100%
Wietnam Đồng
100%
Antigua i Barbuda Dolar
100%
Australia Dolar
100%
Barbados Dolar
100%
Jamajka Dolar
100%
Kanada Dolar
100%
Nauru Dolar
100%
Saint Vincent i Grenadyny Dolar
100%
Singapur Dolar
100%
Panama Dolar / Balboa
100%
Hiszpania Euro
100%
Kosowo Euro
100%
Niderlandy (Holandia) Euro
100%
Wielka Brytania Funt
100%
Czechy Korona
100%
Norwegia Korona
100%
Sierra Leone Leone
100%
Turcja Lira
100%
Dominikana Peso
100%
Kolumbia Peso
100%
Meksyk Peso
100%
Urugwaj Peso
100%
Wenezuela Petro / Boliwar
100%
Indie Rupia
100%
Indonezja Rupia
100%
Nepal Rupia
100%
Sri Lanka Rupia
100%
Boliwia Boliviano
80%
Cypr Euro
80%
Rumunia Lej
80%
Korea Południowa Won
80%
Gujana Dolar
75%
Litwa Euro
75%
Luksemburg Euro
75%
Włochy Euro
75%
Chiny Renminbi (Yuan)
75%
Kuba Peso
71%
Irak Dinar
67%
Belize Dolar
67%
Salwador Dolar
67%
Surinam Dolar
67%
Timor Wschodni Dolar
67%
Austria Euro
67%
Belgia Euro
67%
Łotwa Euro
67%
Malta Euro
67%
Niemcy Euro
67%
Benin Frank
67%
Szwecja Korona
67%
Oman Rial
67%
Bangladesz Taka
67%
Dominika Dolar
60%
Saint Lucia Dolar
60%
Andora Euro
60%
Czarnogóra Euro
60%
Monako Euro
60%
Chile Peso
60%
Trynidad i Tobago Dolar
57%
Tajlandia Bat
50%
Nikaragua Córdoba
50%
Kuwejt Dinar
50%
Bahamy Dolar
50%
Stany Zjednoczone Dolar
50%
Wyspy Marshalla Dolar
50%
Francja Euro
50%
Portugalia Euro
50%
San Marino Euro
50%
Watykan Euro
50%
Gwinea Frank
50%
Szwajcaria Frank
50%
Paragwaj Guaraní
50%
Ukraina Hrywna
50%
Laos Kip
50%
Islandia Korona
50%
Zambia Kwacha
50%
Albania Lek
50%
Bhutan Ngultrum / Rupia
50%
Argentyna Peso
50%
Katar Rial
50%
Kambodża Riel
50%
Rosja Rubel
50%
Izrael Szekel
50%
Mongolia Tugrik
50%
Korea Północna Won
50%
Polska Złoty
50%
Gwinea Równikowa Frank
40%
Malediwy Rupia
40%
Maroko Dirham
33%
Zjednoczone Emiraty Arabskie Dirham
33%
Liberia Dolar
33%
Wyspy Salomona Dolar
33%
Grecja Euro
33%
Irlandia Euro
33%
Burundi Frank
33%
Mali Frank
33%
Rwanda Frank
33%
Wybrzeże Kości Słoniowej Frank
33%
Bułgaria Lew
33%
Arabia Saudyjska Rial
33%
Mauritius Rupia
33%
Peru Sol
33%
Nowa Zelandia Dolar
25%
Tuvalu Dolar
25%
Słowacja Euro
25%
Słowenia Euro
25%
Czad Frank
25%
Sudan Funt
25%
Mołdawia Lej
25%
Brazylia Real
25%
Komory Frank
17%
Liechtenstein Frank
17%
Afganistan Afgani
0%
Madagaskar Ariary
0%
Etiopia Birr
0%
Ghana Cedi
0%
Kostaryka Colón
0%
Gambia Dalasi
0%
Macedonia Północna Denar
0%
Jordania Dinar
0%
Libia Dinar
0%
Serbia Dinar
0%
Tunezja Dinar
0%
Wyspy Świętego Tomasza i Książęca Dobra
0%
Brunei Dolar
0%
Ekwador Dolar
0%
Fidżi Dolar
0%
Grenada Dolar
0%
Kiribati Dolar
0%
Mikronezja Dolar
0%
Namibia Dolar
0%
Palau Dolar
0%
Saint Kitts i Nevis Dolar
0%
Tajwan Dolar
0%
Zimbabwe Dolar
0%
Armenia Dram
0%
Republika Zielonego Przylądka Escudo
0%
Estonia Euro
0%
Finlandia Euro
0%
Węgry Forint
0%
Burkina Faso Frank
0%
Demokratyczna Republika Konga Frank
0%
Dżibuti Frank
0%
Gabon Frank
0%
Gwinea Bissau Frank
0%
Kamerun Frank
0%
Kongo Frank
0%
Niger Frank
0%
Republika Środkowoafrykańska Frank
0%
Senegal Frank
0%
Togo Frank
0%
Egipt Funt
0%
Liban Funt
0%
Sudan Południowy Funt
0%
Syria Funt
0%
Haiti Gourde
0%
Japonia Jen
0%
Mjanma (Birma) Kiat
0%
Papua-Nowa Gwinea Kina
0%
Dania Korona
0%
Chorwacja Kuna
0%
Malawi Kwacha
0%
Angola Kwanza
0%
Gruzja Lari
0%
Honduras Lempira
0%
Eswatini (Suazi) Lilangeni
0%
Lesotho Loti
0%
Azerbejdżan Manat
0%
Turkmenistan Manat
0%
Bośnia i Hercegowina Marka
0%
Mozambik Metical
0%
Nigeria Naira
0%
Erytrea Nakfa
0%
Tonga Pa'anga
0%
Filipiny Peso
0%
Botswana Pula
0%
Gwatemala Quetzal
0%
Południowa Afryka Rand
0%
Iran Rial
0%
Jemen Rial
0%
Malezja Ringgit
0%
Białoruś Rubel
0%
Pakistan Rupia
0%
Seszele Rupia
0%
Kirgistan Som
0%
Tadżykistan Somoni
0%
Uzbekistan Sum
0%
Kenia Szyling
0%
Somalia Szyling
0%
Tanzania Szyling
0%
Uganda Szyling
0%
Samoa Tala
0%
Kazachstan Tenge
0%
Mauretania Ugija / Ouguiya
0%
Vanuatu Vatu
0%
Nie znaleziono quizów pasujących do podanych kryteriów
Rozkład punktacji
Procent ludzi z każdym wynikiem
Percentyl według liczby udzielonych odpowiedzi
Twoja historia wyników
Nie rozwiązałeś tego quizu